MARC

LEADER 00000cam a2200000 7i4500
001 0000024576
005 20121022.0
008 121003 my a may
040 |a INS 
090 0 0 |a PY7 
110 2 |a Kursus penyeliaan berkesan ,   |d 2011 17 - 20 Oktober   |c INSPEN, Bangi 
245 0 0 |a Kursus penyeliaan berkesan :   |b 17 - 20 Oktober 2011   |c Anjuran Pusat Pengurusan & Teknologi Maklumat, INSPEN 
260 |a Bangi :   |b Institut Penilaian Negara ,   |c 2011 
300 |a 1 v. (Mukasurat pelbagai) :   |b ill ;   |c 30 cm. 
650 0 |a Leadership 
650 0 |a Personnel management 
650 0 |a Supervision of employees 
710 1 |a INSPEN (Institut Penilaian Negara) 
856 |u http://app.inspen.gov.my:7779/pls/portal/docs/PAGE/CORPORATEPAGES/PORTAL_INSPEN/NOTA_KURSUS/PENYELIAAN/KURSUS%20PENYELIAAN%20BERKESAN_0.PDF 
999 |a PY00000015   |b BOOK   |c Course Notes   |e Default branch 
999 |a PY00000016   |b BOOK   |c Course Notes   |e Default branch 
999 |a PY00000017   |b BOOK   |c Course Notes   |e Default branch